000 00237 a2200097 4500
001 38290
100 _aSchein E.H
245 _aOrganizational culture & leadership
260 _aSan Francisco
_bJossey Bars
_c1992
090 _c24334
_d24334
942 _aNUST-CAE
_cM
_c15930
999 _c273363
_d273363